|
|
|
|
| LEADER |
00879pam a22002418a 4500 |
| 001 |
00000917 |
| 005 |
20171026081022.0 |
| 008 |
110324s1995 ||||||Viesd |
| 041 |
0 |
# |
|a Vie-Chi
|
| 082 |
1 |
4 |
|a 335.434 5
|b CH500NGH
|
| 100 |
0 |
# |
|a Tôn Trung Sơn
|
| 245 |
0 |
0 |
|a Chủ nghĩa tam dân
|c Tôn Trung Sơn, Nguyễn Như Diệm, Nguyễn Tu Trị
|
| 260 |
# |
# |
|a H
|b Viện thông tin khoa học xã hội
|c 1995
|
| 300 |
# |
# |
|a 284 tr.
|b Ảnh màu
|c 19 cm.
|
| 653 |
# |
# |
|a Chủ nghĩa tam dân
|
| 700 |
0 |
# |
|a Nguyễn Như Diệm
|e Dịch
|
| 700 |
0 |
# |
|a Nguyễn Tu Tri
|e Dịch
|
| 700 |
0 |
# |
|a Nguyễn Văn Hồng
|e Hiệu đính
|
| 700 |
0 |
# |
|a Phạm Khiêm Ích
|e Biên
|
| 852 |
# |
# |
|b Kho đọc
|j KD.0000909
|
| 852 |
# |
# |
|j KD.0000909
|
| 910 |
|
|
|d 24/03/2011
|
| 980 |
# |
# |
|a Trung tâm Học liệu Lê Vũ Hùng, Trường Đại học Đồng Tháp
|